000 00426nam a22001697a 4500
999 _c11598
_d11598
003 OSt
008 221201b ||||| |||| 00| 0 eng d
020 _a9789325969230
082 _a337 DWI
100 _aDWIVEDI, D.N.
245 _aInternational Economics: Theory and Policy
250 _aReprint
260 _aNoida
_bVikas Publishing House Pvt. Ltd.
_c2019
300 _a540 p.
650 _aEconomics
942 _2ddc
_cBK